Statistics for Numbers Between 0 And 1667 with Unrepeated Symbols in Roman Numerals

Click here to take the quiz!

General Stats

  • This quiz has been taken 482 times
    (478 since last reset)
  • The average score is 214 of 316

Answer Stats

Number% Correct
I
100%
V
98%
X
98%
IV
97%
VI
97%
XI
97%
IX
95%
L
94%
C
93%
XV
92%
XIV
91%
M
90%
XVI
89%
D
88%
LX
87%
LI
86%
XL
86%
LV
85%
CI
84%
CV
84%
CX
84%
LIV
83%
LIX
83%
LVI
83%
CL
82%
LXI
82%
XLI
82%
CIV
81%
CVI
81%
CXI
81%
LXV
81%
LXVI
81%
XC
81%
XLIV
81%
XLV
81%
XLVI
81%
CIX
80%
CXV
80%
LXIV
80%
CD
79%
CXIV
79%
CXVI
79%
CXL
78%
DI
78%
XCI
78%
XCIV
78%
XCV
78%
XCVI
78%
CLI
77%
CLIV
77%
CLV
77%
CXLI
77%
CXLV
77%
CXLVI
77%
DV
77%
DX
77%
MI
77%
CDI
76%
CDIV
76%
CDV
76%
CLIX
76%
CLVI
76%
CLX
76%
CLXI
76%
CXLIV
76%
DC
76%
CDVI
75%
CDX
75%
CDXI
75%
CLXIV
75%
CLXV
75%
CLXVI
75%
CM
75%
DIV
75%
DVI
75%
CDIX
74%
DIX
74%
DL
74%
MC
74%
MV
74%
DXI
73%
MD
73%
MX
73%
CDL
72%
CDXIV
72%
CDXV
72%
CDXVI
72%
DCI
72%
DXIV
72%
DXV
72%
DXVI
72%
ML
72%
MVI
72%
CDLI
71%
CDLIV
71%
CDLV
71%
CDLVI
71%
CDXL
71%
CDXLI
71%
CDXLIV
71%
DCIV
71%
DCIX
71%
DCV
71%
DCVI
71%
DCX
71%
DCXI
71%
MIV
71%
CDLX
70%
CDLXI
70%
CDXLV
70%
CDXLVI
70%
DCLI
70%
DLI
70%
DLIX
70%
DLV
70%
DLVI
70%
DLX
70%
DLXI
70%
MIX
70%
CDLIX
69%
DCL
69%
DCLIV
69%
DCLV
69%
DCLVI
69%
DCLX
69%
DCXIV
69%
DCXV
69%
DCXVI
69%
DLIV
69%
DLXV
69%
DLXVI
69%
DXL
69%
DXLI
69%
DXLV
69%
MXI
69%
CDLXIV
68%
CDLXV
68%
CDLXVI
68%
CMI
68%
CMX
68%
DCLIX
68%
DCLXVI
68%
DLXIV
68%
DXLIV
68%
DXLVI
68%
MCI
68%
MCX
68%
MCXI
68%
CMIV
67%
CMIX
67%
CMV
67%
CMVI
67%
CMXI
67%
DCLXI
67%
DCLXV
67%
MCIV
67%
MCV
67%
MCVI
67%
MLI
67%
MLV
67%
MXIV
67%
MXV
67%
MXVI
67%
CMXIV
66%
CMXV
66%
CMXVI
66%
DCLXIV
66%
MCIX
66%
MLIV
66%
MLVI
66%
MLX
66%
MLXI
66%
MLXV
66%
MLXVI
66%
CML
65%
CMLI
65%
CMLIV
65%
CMLV
65%
DCXL
65%
DCXLI
65%
DCXLIV
65%
DCXLV
65%
DCXLVI
65%
DXC
65%
MCL
65%
MDI
65%
MLIX
65%
MLXIV
65%
MXL
65%
CMLIX
64%
CMLVI
64%
DXCI
64%
DXCIV
64%
DXCV
64%
DXCVI
64%
MCXIV
64%
MCXV
64%
MCXVI
64%
MDC
64%
MDX
64%
MXLI
64%
MXLIV
64%
MXLV
64%
CMLX
63%
CMLXI
63%
CMXL
63%
MCLI
63%
MCLIV
63%
MCLV
63%
MCLVI
63%
MDIV
63%
MDV
63%
MDXI
63%
MXLVI
63%
CMLXV
62%
CMXLI
62%
CMXLIV
62%
CMXLV
62%
CMXLVI
62%
MCD
62%
MCLIX
62%
MCLX
62%
MCLXI
62%
MCLXV
62%
MDIX
62%
MDVI
62%
MDXIV
62%
MDXV
62%
MDXVI
62%
CMLXIV
61%
CMLXVI
61%
MCLXIV
61%
MCLXVI
61%
MDCL
61%
MXC
61%
MDCI
60%
MDCLX
60%
MDCX
60%
MDL
60%
MXCI
60%
MXCIV
60%
MXCV
60%
MXCVI
60%
MCDI
59%
MCDX
59%
MCXL
59%
MCXLI
59%
MCXLIV
59%
MCXLV
59%
MCXLVI
59%
MDCIV
59%
MDCLXV
59%
MDCLXVI
59%
MDCV
59%
MCDIV
58%
MCDIX
58%
MCDV
58%
MCDVI
58%
MCDXI
58%
MDCVI
58%
MDLI
58%
MDLIV
58%
MDLV
58%
MDLX
58%
MCDXIV
57%
MDCIX
57%
MDCLXI
57%
MDCXI
57%
MDCXV
57%
MDLIX
57%
MDLVI
57%
MDXL
57%
MCDL
56%
MCDXV
56%
MCDXVI
56%
MDCXIV
56%
MDCXVI
56%
MDLXI
56%
MDXLI
56%
MDXLIV
56%
MDXLV
56%
MCDXL
55%
MDCLI
55%
MDCLIX
55%
MDCLXIV
55%
MDLXIV
55%
MDLXV
55%
MDLXVI
55%
MDXLVI
55%
MCDLI
54%
MCDLIV
54%
MCDLIX
54%
MCDLV
54%
MCDLVI
54%
MCDLX
54%
MCDLXI
54%
MCDLXIV
54%
MCDLXV
54%
MCDLXVI
54%
MCDXLI
54%
MCDXLIV
54%
MCDXLV
54%
MCDXLVI
54%
MDCLIV
54%
MDCLV
54%
MDCLVI
54%
MDCXL
53%
MDXC
53%
MDXCI
53%
MDXCV
53%
MDCXLI
52%
MDCXLIV
52%
MDCXLV
52%
MDCXLVI
52%
MDXCIV
52%
MDXCVI
52%

Score Distribution

Percentile by Number Answered

Percent of People with Each Score

Your Score History

You have not taken this quiz since the last reset